000 00575nam a2200229Ia 4500
003 OSt
005 20221007073033.0
006 a|||||r|||| 00| 0
007 ta
008 221006b |||||||| |||| 00| 0 eng d
024 _a18,382
037 _cTextual
040 _aFLL
_cFLL
_beng
041 _2eng
_aeng
082 _aZz7, D4
100 _aGoudy Au.
_9691806
245 0 _aLaw in daily life
260 _aLondon
_bUniversity of oxford England
_c1904
300 _a169p
_ccm.
942 _hZz7, D4
_cTEXL
_2CC
999 _c1147551
_d1147551